Desolación : texto completo /

"La bruma espesa, eterna, para que olvide dónde me ha arrojado la mar en su ola de salmuera. La tierra a la que viene no tiene primavera: tiene su noche larga que cual madre me esconde."" Es Desolación. Es el paisaje desolado de Patagonia, que Gabriela Mistral describe en Naturaleza, parte de esta o...

Full description

Bibliographic Details
Main Author: Mistral, Gabriela 1889-1957
Format: Libro
Language:Spanish
Published: Santiago, Chile Andrés Bello 2010
Edition:4a.ed.
Subjects:
Online Access:

MARC

LEADER 00000cam a2200000 a 4500
001 028025
003 UAHC_CL
005 20170803122900.0
008 021021s2010 cl 000 p spa
020 |a 9789561319240 
040 |a UAHC_CL  |c UAHC_CL  |d UAHC_CL 
082 0 4 |a Ch861  |b M678  |2 20 
100 1 |a Mistral, Gabriela  |d 1889-1957 
245 1 0 |a Desolación :  |b texto completo /  |c Gabriela Mistral ; prólogos de Roque Esteban Scarpa, Alone, Pedro Prado, Instituto de las Españas. 
250 |a 4a.ed. 
260 |b Andrés Bello  |c 2010  |a Santiago, Chile 
300 |a 276 p. 
520 |a "La bruma espesa, eterna, para que olvide dónde me ha arrojado la mar en su ola de salmuera. La tierra a la que viene no tiene primavera: tiene su noche larga que cual madre me esconde."" Es Desolación. Es el paisaje desolado de Patagonia, que Gabriela Mistral describe en Naturaleza, parte de esta obra, publicada por primera vez en Nueva York, en 1922. Tras esa edición, la figura de Gabriela Mistral comenzó a elevarse por entre los grandes autores de la literatura universal. Bajo los epígrafes ""Vida"", ""La Escuela"", ""Infantiles"", ""Dolor"", ""Naturaleza"", ""Canciones de cuna"", ""Prosa"" y ""Prosa escolar"" se agrupan las diferentes composiciones que incluye este libro." 
650 4 |a POESIA CHILENA 
650 4 |a PROSA POETICA CHILENA 
900 |a Ch861 MISE 
942 |c BK 
952 |0 0  |1 0  |4 0  |6 CH_861_000000000000000_MISE  |7 0  |8 General  |9 55600  |a BC  |b BC  |c General  |d 2017-08-03  |l 0  |o Ch861 MISE  |p 1380278  |r 2026-01-14 00:00:00  |t 1  |w 2017-08-03  |y BK 
999 |c 28025  |d 28025